000 003610000a22001450004500
003 MACL
040 _aMACL
090 _c44770
_d44768
100 _aVenkatappaiah, Velaga
245 _aModel Library Legislation
260 _bConcept Publishing Company
_c1994
650 _aLibrary and Information Scince
942 _cBOOK
_k021.8/VEN
951 _o021.8/VEN BOOK
999 _c44313
_d44313